00646nam a22001697a 450000500170000000800410001702000180005804100080007604400070008408200180009110000290010924502030013826000290034130000310037065000410040165000340044220140516161528.0140516b2013 xxu||||| |||| 00| 0 spa d a9789587401615 aspa ack04a634.974bB32p10aBastidas-Pérez, Silvio10aPreguntas sobre palma de aceite Elaeis Guineensis Jacq., Palma Noli Elaeis oleifera (Kunth) cortés y los híbridos interespecíficos nolí X palma de aceitecSilvio Bastidas Pérez ...[et al.] aBogotábCorpoicac2013 a264 p.bfot. (col)c20 cm. aAceite de palmaxcultivoxtécnicas aPalma de aceitexmorfología